Lịch sử tìm ra các nguyên tố hóa học

Na minha lista:
Detalhes bibliográficos
Autor principal: G G ĐIÔGHÊNÔP
Formato: Livro
Idioma:Undetermined
Publicado em: Tp. HCM Thanh Niên 2002
Assuntos:
Tags: Adicionar Tag
Sem tags, seja o primeiro a adicionar uma tag!
Thư viện lưu trữ: Trung tâm Học liệu Trường Đại học Cần Thơ
LEADER 00524nam a2200169Ia 4500
001 CTU_47585
008 210402s9999 xx 000 0 und d
082 |a 540.9 
082 |b D591/T2 
100 |a G G ĐIÔGHÊNÔP 
245 0 |a Lịch sử tìm ra các nguyên tố hóa học 
245 0 |c G G ĐIÔGHÊNÔP, Hoàng Hạnh, Nguyễn Duy Ái 
260 |a Tp. HCM 
260 |b Thanh Niên 
260 |c 2002 
650 |a chemistry - history 
980 |a Trung tâm Học liệu Trường Đại học Cần Thơ